00946nam a2200325 a 4500003000900000005001700009008004100026020001800067040001300085100002000098245007700118260002700195300001100222490003600233500005200269500003200321650002100353650001300374650002600387650002900413650002300442650002400465650001500489650002400504650002200528650001100550653002800561653001600589655001500605AR-BaBNM20251128203138.0082120s2002 ||||||||||||||000 | spa|| a84-335-8027-2 cAR-BaBNM1 aDomingo, José00aLa novela española del siglo XXbde la postguerra a nuestros días. 2 aBarcelonabLaborc1973 a189 p. 0aNueva colección Laborvv. 149 aContiene referencias bibliográficas en p. 175 aIndice de nombres en p. 177 4aTEORIA LITERARIA 4aREALISMO 4aLITERATURA ESPAÑOLA 4aLITERATURA CONTEMPORANEA 4aHISTORIA LITERARIA 4aCULTURAS LITERARIAS 4aESCRITORES 4aCULTURAS LITERARIAS 4aCRITICA LITERARIA 4aEXILIO aGUERRA CIVIL ESPAÑOLA aSURREALISMO aLITERATURA